LEADER 01376nam a2200241 i 4500 001 000000015974 003 CaOOAMICUS 005 20250318123533.0 008 180830s1842 it u000 u ita u 040 $aSeMil$bita 100 1 $aBallerini, Antonio,$d<1805-1881>.$0(OLS)http://semarc/name/7388 245 10$aEsame critico-teologico di alcune dottrine del chiarissimo Antonio-Rosmini-Serbati, prete roveretano /$c[Antonio Ballerini, Carlo Passaglia]. 260 $aModena :$bdai Tipi della R. D. Camera,$c1842. 300 $a3 v. ;$c24 cm. 500 $aLegati insieme i 3 vol. 600 14$aRosmini Serbati, Antonio .$0(OLS)http://semarc/subject/791 700 1 $aPassaglia, Carlo,$c.$0(OLS)http://semarc/name/2029 774 0 $tArticolo 1.$g1$w()62162 774 0 $tArticolo 2., Se nell'ordine morale si debbano ammettere peccati, i quali non sieno medesimamente colpe.$g2$w()224294 774 0 $tArticolo 3., contenente la prima parte della risposta ad un'operetta, che il Rosmini oppose al nostro primo articolo ; Cenni sull'indole della polemica del Rosmini.$g3$w()224293 996 $6245$aEsame critico-teologico di alcune dottrine del chiarissimo Antonio-Rosmini-Serbati, prete roveretano$9(OLS)http://semarc/title/21153 996 $6260$aModena :$bdai Tipi della R. D. Camera$9(OLS)http://semarc/publisher/34288 LEADER 00970nam a2200217 i 4500 001 000000207635 003 CaOOAMICUS 005 20111103000000.0 008 111103s1931 it u000 u ita u 013 $a186416 040 $aSeMil$bita 100 1 $aLo Monaco Aprile, Attilio.$0(OLS)http://semarc/name/71580 245 13$aLa politica assistenziale dell'Italia fascista /$cAttilio Lo Monaco Aprile ; Con prefazione dell'On. Prof. G. A. Blanc. 260 $aRoma :$bAnonima Romana Editoriale,$c1931. 300 $aXII, 312 p. ;$c22 cm. 650 4$aFascismo - Politica sociale.$0(OLS)http://semarc/subject/38169 700 1 $aBlanc, Gian Alberto.$0(OLS)http://semarc/name/74538 850 $aSeMil 852 $aSeMil$W1$xVenegono$y1$m3U IV 10$j158094$B158094$CSeMilBibl$Z2$F169341 $81 996 $6245$aLa politica assistenziale dell'Italia fascista$9(OLS)http://semarc/title/300244 996 $6260$aRoma :$bAnonima Romana Editoriale$9(OLS)http://semarc/publisher/35561